| 000 | 00490nam a2200157Ia 4500 | ||
|---|---|---|---|
| 008 | 210716s1988 xx 000 0 und d | ||
| 020 | _a8769253110 | ||
| 041 | _aeng | ||
| 082 | _a006.6 GILW | ||
| 100 | _aGiloi, Wolfgang K. | ||
| 245 |
_aInteractive computer graphics: data structures algorithms languages. _bData structures algorithms languages. |
||
| 250 | _a1 | ||
| 260 |
_aNew Delhi _bPrentice Hall of India PVt Ltd _c1988 |
||
| 300 | _axii,354 | ||
| 650 | _aComputer Graphics(006.6) | ||
| 999 |
_c181235 _d181235 |
||